| 000 | 00552nam a22001937a 4500 | ||
|---|---|---|---|
| 008 | 150518b xxu||||| |||| 00| 0 eng d | ||
| 020 | _a9780073404806 | ||
| 020 | _a0073404802 | ||
| 041 | 0 | _aeng | |
| 080 | _a658.5 | ||
| 100 | 1 | _aCrawford, C. Merle | |
| 245 | 1 | 0 |
_aNew products management / _cMerle Crawford, Anthony Di Benedetto. |
| 250 | _a10th ed. | ||
| 260 |
_aNew York : _bMcGraw-Hill Irwin, _cc2010. |
||
| 300 |
_a576 f. : _bme il.: _c25 cm. |
||
| 650 | 0 |
_aProduktet e reja _xMenaxhment |
|
| 700 | 1 | _aDi Benedetto, C. Anthony. | |
| 942 |
_2udc _cBK |
||
| 999 |
_c803 _d803 |
||